Morts ou (A moitié) morts dans Elite Netflix - Statistiques

Statistiques générales
  • Ce quiz a été pris 994 fois
  • Le résultat moyen est 6 sur 15
Statistiques - réponses
Hint Extra Hint Réponse % Correct
Meurtrier S1 Polo
79%
Meurtrière S3 Lucrecia
61%
Meurtriers S6 (1) Ceux qui ont tué Cruz Inconnus
59%
Morte pour une rolex Marina
57%
Meurtrier S4 (2) Celui qui a failli tuer Ari Armando
56%
(A moitié) mort à cause de sa bécane Christian
56%
Meurtrière S6 (2) Celle qui a failli tué Ivan Sara
44%
Meurtrier S4 (1) Celui qui a tué Armando Guzman
43%
Meurtrier S5 Benjamin
35%
Mort car il avait pas de brassards Samuel
33%
(A moitié) morte à cause d'un grand gaillard Ari
32%
Mort à cause de son penchant pour la s*domie Cruz
32%
Mort à cause du 14 juillet Armando
22%
Mort à cause de Moët & Chandon Polo
21%
(A moitié) mort à cause du bail de la soeur à son mec Ivan
15%
Aucun quiz correspondant
Distribution des résultats
% des personnes avec chaque résultat
Percentile par nombre de réponses
Votre historique - résultats
Vous n’avez pas pris ce quiz